| 000 | 01747cam a2200313 4500500 | ||
|---|---|---|---|
| 005 | 20251228051335.0 | ||
| 041 | _afre | ||
| 042 | _adc | ||
| 100 | 1 | 0 |
_aCharazac, Pierre _eauthor |
| 245 | 0 | 0 | _aQuand un vieillard souhaite en finir au plus vite avec la vie |
| 260 | _c2021. | ||
| 500 | _a23 | ||
| 520 | _aLa situation de dépendance en institution menace le vieillard d’un conflit entre la gratitude et la haine qui s’accentue à l’approche de la fin de vie. En affichant leur lassitude de vivre, certains résidents dressent entre eux et les soignants un mur qui les protège d’une défaillance possible de l’environnement risquant de leur faire revivre une angoisse d’effondrement au moment où ils recherchent l’objet qui accompagnera leur trépas. | ||
| 520 | _aThe situation of institutional dependency threatens an elderly person with a conflict between gratitude and hatred that becomes more pronounced as the end of life approaches. By displaying their lassitude of living, some residents build a wall between themselves and caregivers that protects them from a possible failure of the environment that could cause them to relive an anxiety of collapse as they search for the object that will accompany their passing. | ||
| 690 | _aCrainte d’effondrement | ||
| 690 | _aehpad | ||
| 690 | _afaux-self | ||
| 690 | _amort | ||
| 690 | _apersonne âgée | ||
| 690 | _asoin | ||
| 690 | _acare | ||
| 690 | _adeath | ||
| 690 | _aelderly person | ||
| 690 | _afalse-self | ||
| 690 | _aFear of breakdown | ||
| 690 | _anursing home | ||
| 786 | 0 | _nCliniques | 21 | 1 | 2021-04-18 | p. 54-66 | 2115-8177 | |
| 856 | 4 | 1 | _uhttps://shs.cairn.info/revue-cliniques-2021-1-page-54?lang=fr&redirect-ssocas=7080 |
| 999 |
_c1581724 _d1581724 |
||